Cơ học Tập 1 Năm thứ nhất MPSI-PCSI-PTSI
Những kiến thức cơ bản về: Động học, động lực học của chất điểm, công suất và năng lượng trong hệ quy chiếu Galilée, dao động tự do, dao động cưỡng bức, thay đổi các hệ quy chiếu
Gardado en:
| Autor Principal: | |
|---|---|
| Outros autores: | , , |
| Formato: | Libro |
| Idioma: | Vietnamese |
| Publicado: |
H.
Giáo dục
2002
|
| Edición: | Tái bản lần hai |
| Những chủ đề: | |
| Các nhãn: |
Engadir etiqueta
Sen Etiquetas, Sexa o primeiro en etiquetar este rexistro!
|
| Thư viện lưu trữ: | Mạng thư viện Đại học Đà Nẵng |
|---|
| LEADER | 01618nam a2200373 4500 | ||
|---|---|---|---|
| 001 | 000024869 | ||
| 003 | 21360 | ||
| 005 | 20170310140348.0 | ||
| 008 | 170310s2002 viesd | ||
| 041 | 0 | |a vie | |
| 082 | 1 | 4 | |a 531 |b BE-J |
| 100 | 1 | |a Brebec, Jean-Marie | |
| 245 | 1 | 0 | |a Cơ học |c Jean-Marie Brebec, Philippe Deneve, Thierry Desmarais... |n Tập 1 |p Năm thứ nhất MPSI-PCSI-PTSI |
| 250 | |a Tái bản lần hai | ||
| 260 | |a H. |b Giáo dục |c 2002 | ||
| 300 | |a 172 tr. |b hình vẽ |c 27 cm. | ||
| 500 | |a Sách được xb trong khuôn khổ chương trình đào tạo kỹ sư chất lượng cao tại Việt Nam... - Tên sách bằng tiếng Pháp: Mécanique I | ||
| 520 | 3 | |a Những kiến thức cơ bản về: Động học, động lực học của chất điểm, công suất và năng lượng trong hệ quy chiếu Galilée, dao động tự do, dao động cưỡng bức, thay đổi các hệ quy chiếu | |
| 650 | 0 | 4 | |a Cơ học |x Học hỏi và giảng dạy |
| 653 | |a Cơ học | ||
| 700 | 1 | |a Deneve, Philippe | |
| 700 | 1 | |a Desmarais, Thierry | |
| 700 | 1 | |a Lê Băng Sương |e dịch | |
| 773 | |t Cơ học |w 21359 | ||
| OWN | |a LSP | ||
| AVA | |a UDN50 |b LSP |d 531 BE-J |e available |t Error 5001 Not defined in file expand_doc_bib_avail. |f 1 |g 0 |h N |i 0 |k 1 | ||
| 999 | |a From the UDN01 | ||
| AVA | |a UDN50 |b LSP |d 531 BE-J |e available |t Error 5001 Not defined in file expand_doc_bib_avail. |f 1 |g 0 |h N |i 0 |k 1 | ||
| TYP | |a Monograph | ||
| TYP | |a Printed language | ||
| 980 | |a Mạng thư viện Đại học Đà Nẵng | ||